000 00886nam a2200229 a 4500
001 78478
003 BD-RjUL
005 20211209083132.0
008 210927s2021 bg ||||| |||| 00| 0 eng d
020 _a9789849116713
035 _a(BD-RjUL)78704
040 _aBD-RjUL
_beng
_cBD-RjUL
041 _aben
082 _223
_a891.2209
_bCHS 2021
100 _aচৌধুরী, মঞ্জুলা
_9248511
245 _aসংস্কৃত নাট্যতত্ত্ব /
_cমঞ্জুলা চৌধুরী
260 _aঢাকা :
_bমিজানুর রহমান খন্দকার,
_c২০২১
300 _a১৮৪ পৃ.;
_c২২ সেমি.
650 _aসংস্কৃত নাটক
_xইতিহাস এবং সমালোচনা
_9248514
650 _aSanskrit drama
_xHistory and criticism.
_9248515
942 _2ddc
_cBK
999 _c78478
_d78478